Sports Quiz

Random Sports or MLB Quiz

Top 5: Pitchers in WAR (1980-2010) Quiz Stats

 Plays Quiz not verified by Sporcle

Challenge
Share
Tweet
Embed
Score 0/167 Timer 12:00
0 Plays Today
Season Pitcher % Correct
1994Randy Johnson
98%
1995Randy Johnson
98%
1997Randy Johnson
98%
1999Randy Johnson
98%
2000Randy Johnson
98%
2001Randy Johnson
98%
2002Randy Johnson
98%
2004Randy Johnson
98%
2010Josh Johnson
98%
1986Roger Clemens
97.8%
1987Roger Clemens
97.8%
1988Roger Clemens
97.8%
1990Roger Clemens
97.8%
1991Roger Clemens
97.8%
1992Roger Clemens
97.8%
1994Roger Clemens
97.8%
1996Roger Clemens
97.8%
1997Roger Clemens
97.8%
1998Roger Clemens
97.8%
2001Roger Clemens
97.8%
2005Roger Clemens
97.8%
1997Pedro Martinez
96.1%
1998Pedro Martinez
96.1%
1999Pedro Martinez
96.1%
2000Pedro Martinez
96.1%
2003Pedro Martinez
96.1%
2005Pedro Martinez
96.1%
1995Dennis Martinez
96%
1992Greg Maddux
95.8%
1994Greg Maddux
95.8%
1995Greg Maddux
95.8%
1997Greg Maddux
95.8%
2000Greg Maddux
95.8%
2002Roy Halladay
95.5%
2003Roy Halladay
95.5%
2005Roy Halladay
95.5%
2006Roy Halladay
95.5%
2008Roy Halladay
95.5%
2009Roy Halladay
95.5%
2010Roy Halladay
95.5%
2007CC Sabathia
95%
2008CC Sabathia
95%
2004Johan Santana
94.6%
2005Johan Santana
94.6%
2006Johan Santana
94.6%
2008Johan Santana
94.6%
2001Curt Schilling
94.2%
2002Curt Schilling
94.2%
2004Curt Schilling
94.2%
1991Tom Glavine
93.3%
2008Tim Lincecum
93.1%
2009Tim Lincecum
93.1%
2010Felix Hernandez
92.6%
2008Cliff Lee
91.5%
2009Zack Greinke
90.7%
2002Barry Zito
87.8%
Season Pitcher % Correct
1992Mike Mussina
87.7%
1994Mike Mussina
87.7%
1995Mike Mussina
87.7%
2001Mike Mussina
87.7%
2003Mike Mussina
87.7%
1997Andy Pettitte
87.4%
2005Andy Pettitte
87.4%
2009Adam Wainwright
86.8%
2010Adam Wainwright
86.8%
1980Steve Carlton
86.1%
1981Steve Carlton
86.1%
1983Steve Carlton
86.1%
2006Brandon Webb
85.1%
2007Brandon Webb
85.1%
1984Dwight Gooden
84.6%
1985Dwight Gooden
84.6%
2007Jake Peavy
84.4%
2002Tim Hudson
83.8%
2003Tim Hudson
83.8%
1985Bret Saberhagen
81.7%
1987Bret Saberhagen
81.7%
1989Bret Saberhagen
81.7%
1994Bret Saberhagen
81.7%
1993David Cone
80.6%
1994David Cone
80.6%
1995David Cone
80.6%
2010Ubaldo Jimenez
79.7%
1981Nolan Ryan
77.5%
1996Kevin Brown
77%
1998Kevin Brown
77%
1999Kevin Brown
77%
2000Kevin Brown
77%
1981Fernando Valenzuela
73.4%
1987Orel Hershiser
72.9%
1988Orel Hershiser
72.9%
1989Orel Hershiser
72.9%
2005Dontrelle Willis
72.8%
2004Carlos Zambrano
72.5%
2003Mark Prior
70%
1981Dave Stieb
66.5%
1982Dave Stieb
66.5%
1983Dave Stieb
66.5%
1984Dave Stieb
66.5%
1985Dave Stieb
66.5%
1990Dave Stieb
66.5%
2004Ben Sheets
66.4%
1986Mike Scott
63%
1981Bert Blyleven
61%
1984Bert Blyleven
61%
1987Frank Viola
61%
1988Frank Viola
61%
1990Frank Viola
61%
1992Frank Viola
61%
1981Tom Seaver
59.4%
2007John Lackey
58.1%
1993Jose Rijo
57%
Season Pitcher % Correct
1990Chuck Finley
56.8%
1993Chuck Finley
56.8%
1998Chuck Finley
56.8%
1994Pat Hentgen
56.4%
1996Pat Hentgen
56.4%
1999Brad Radke
55.7%
2000Brad Radke
55.7%
2004Brad Radke
55.7%
2009Dan Haren
54.2%
1989Mark Langston
53.5%
1991Mark Langston
53.5%
1993Mark Langston
53.5%
1982Steve Rogers
52.7%
1998Kenny Rogers
52.7%
2006Bronson Arroyo
52.2%
1987Jimmy Key
51.9%
1980Don Sutton
50.9%
1992Kevin Appier
49.6%
1993Kevin Appier
49.6%
1987Bob Welch
47.3%
2006Chien-Ming Wang
44.8%
1985John Tudor
44%
2007Fausto Carmona
43.9%
1986Teddy Higuera
43.1%
1988Teddy Higuera
43.1%
1982Joe Niekro
41.6%
1999Mike Hampton
40.8%
1996Charles Nagy
39.5%
2003Esteban Loaiza
38.1%
1988Mark Gubicza
36.2%
1982Mario Soto
35%
1983Mario Soto
35%
1982Joaquin Andujar
34%
1996Alex Fernandez
30.8%
1983John Denny
30.1%
2008John Danks
28.7%
1983Dan Quisenberry
26.6%
1995Al Leiter
26.2%
1980Mike Norris
23.8%
1991Jim Abbott
23%
1981Jerry Reuss
18.4%
1984Rick Rhoden
17.7%
1986Rick Rhoden
17.7%
1981Steve McCatty
17.6%
1980Larry Gura
17%
1989Bruce Hurst
15.4%
1985Charlie Leibrandt
15.2%
2001Joe Mays
15.1%
1984Doyle Alexander
13.9%
1991Tom Candiotti
13.4%
1989Ed Whitson
13%
1990Ed Whitson
13%
1980Britt Burns
10.9%
1986Mark Eichhorn
7.7%
1980Doug Corbett
3.4%

You're not logged in!

Compare scores with friends on all Sporcle quizzes.
OR
Log In

You Might Also Like...

Show Comments

Extras

Top Quizzes Today


Score Distribution

Your Account Isn't Verified!

In order to create a playlist on Sporcle, you need to verify the email address you used during registration. Go to your Sporcle Settings to finish the process.

Report this User

Report this user for behavior that violates our Community Guidelines.

Details: